[Event "IM Pobeskydi 2023"]
[Site "Frydek-Mistek, Czech Republic"]
[Date "2023.04.06"]
[Round "1.1"]
[White "Gnojek, Petr"]
[Black "Rakhmangulova, Anastasiya"]
[Result "1-0"]
[WhiteElo "2331"]
[BlackElo "2266"]
[PlyCount "89"]
[EventDate "2023.??.??"]

1. d4 d5 2. c4 c6 3. Nf3 Nf6 4. Nc3 e6 5. Bg5 Nbd7 6. cxd5 exd5 7. e3 h6 8. Bh4
g5 9. Bg3 Nh5 10. Bd3 Nxg3 11. hxg3 Bg7 12. Qc2 Nb6 13. O-O-O Be6 14. Ne5 Qe7
15. f4 O-O-O 16. Qf2 Kb8 17. Rhf1 Bc8 18. e4 dxe4 19. Bxe4 f5 20. Bc2 Rhe8 21.
Rfe1 Qc7 22. Kb1 g4 23. Bb3 Be6 24. Qc2 Bxb3 25. Qxb3 a6 26. a4 Ka7 27. a5 Nc8
28. Qb4 Bf8 29. Qa4 Nd6 30. Rc1 Qg7 31. Qb3 Qc7 32. Qa4 Qg7 33. Red1 Rc8 34. d5
c5 35. b4 Rxe5 36. fxe5 Qxe5 37. b5 Bg7 38. b6+ Kb8 39. Qf4 Qxf4 40. gxf4 Nc4
41. Na4 Ne3 42. Nxc5 Rxc5 43. Rxc5 Nxd1 44. d6 Nc3+ 45. Kc2 1-0

[Event "IM Pobeskydi 2023"]
[Site "Frydek-Mistek, Czech Republic"]
[Date "2023.04.06"]
[Round "1.2"]
[White "Lever, Erwan"]
[Black "Kucharska, Honorata"]
[Result "1-0"]
[WhiteElo "2269"]
[BlackElo "2173"]
[PlyCount "107"]
[EventDate "2023.??.??"]

1. d4 d5 2. Nf3 e6 3. g3 Nf6 4. Bg2 Be7 5. O-O O-O 6. c4 c6 7. Qc2 Nbd7 8. Rd1
b6 9. b3 Bb7 10. Nc3 Rc8 11. e4 dxe4 12. Ng5 h6 13. Ngxe4 Nxe4 14. Nxe4 Nf6 15.
Bf4 Nxe4 16. Qxe4 Bd6 17. Rac1 Bxf4 18. Qxf4 Qe7 19. c5 Rfd8 20. b4 Ba6 21. h4
Bb5 22. Be4 Rd7 23. Bb1 Rcd8 24. Qe4 f5 25. Qe3 Qf6 26. Re1 Kf7 27. cxb6 axb6
28. Qb3 Ra7 29. Re5 Ba4 30. Qe3 Bb5 31. a3 Rd5 32. Ba2 Rxe5 33. dxe5 Qd8 34.
Qf3 Ke7 35. Qh5 Qd4 36. Bxe6 Kxe6 37. Qg6+ Kxe5 38. Re1+ Qe4 39. Qe8+ Kd5 40.
Qd8+ Kc4 41. Rc1+ Kb3 42. Qd1+ Kxa3 43. Ra1+ Kxb4 44. Rxa7 g5 45. Qd2+ Kc4 46.
hxg5 hxg5 47. Ra1 Kc5 48. Re1 Qd3 49. Rc1+ Kd5 50. Qxg5 Qe4 51. Qd8+ Ke6 52.
Rd1 f4 53. Qe8+ Kf5 54. g4+ 1-0

[Event "IM Pobeskydi 2023"]
[Site "Frydek-Mistek, Czech Republic"]
[Date "2023.04.06"]
[Round "1.3"]
[White "Mayrhuber, Nikola"]
[Black "Stevik, Patrik"]
[Result "1/2-1/2"]
[WhiteElo "2128"]
[BlackElo "2346"]
[PlyCount "148"]
[EventDate "2023.??.??"]

1. d4 d6 2. c4 e5 3. Nc3 exd4 4. Qxd4 Nc6 5. Qd2 g6 6. b3 Bg7 7. Bb2 Nf6 8. e4
O-O 9. Bd3 Re8 10. Nge2 a5 11. Rd1 a4 12. O-O axb3 13. axb3 Bg4 14. Bb1 Na5 15.
f3 Bd7 16. Nd4 Nh5 17. Qc2 Qh4 18. Nd5 Rac8 19. g3 Qd8 20. f4 Bh3 21. Rf2 c6
22. Ne3 Qb6 23. f5 Nf6 24. fxg6 hxg6 25. Rf4 g5 26. Rxf6 Bxf6 27. e5 Rxe5 28.
Qh7+ Kf8 29. Qxh3 Rce8 30. Qh6+ Bg7 31. Qxd6+ Kg8 32. c5 Rxc5 33. Ba3 Rd5 34.
Nxd5 Bxd4+ 35. Kg2 cxd5 36. Qxb6 Bxb6 37. Rxd5 Bd8 38. b4 Nc4 39. Bc1 Nb6 40.
Rc5 g4 41. Bd3 Bf6 42. Bg5 Bd4 43. Rc7 Re1 44. Bf1 Rb1 45. Rxb7 Rxb4 46. Rb8+
Kg7 47. Re8 Nd5 48. Bd2 Bc3 49. Bxc3+ Nxc3 50. Be2 Rb2 51. Kf1 Rb4 52. Re3 Nd5
53. Re5 Rd4 54. Kf2 Kf6 55. Rh5 Rd2 56. Ke1 Rd4 57. Rh4 Kg5 58. h3 f5 59. hxg4
fxg4 60. Rh8 Nf6 61. Ra8 Rd5 62. Ra4 Re5 63. Rf4 Re3 64. Kf2 Re5 65. Ke1 Re8
66. Kf1 Re7 67. Ke1 Re5 68. Kf1 Ra5 69. Kf2 Ra3 70. Rb4 Rc3 71. Rb5+ Kh6 72.
Rb6 Kg5 73. Rb5+ Kg6 74. Rb6 Ra3 1/2-1/2

[Event "IM Pobeskydi 2023"]
[Site "Frydek-Mistek, Czech Republic"]
[Date "2023.04.06"]
[Round "1.4"]
[White "Marek, Matyas"]
[Black "Babula, Vlastimil"]
[Result "1-0"]
[WhiteElo "2331"]
[BlackElo "2326"]
[PlyCount "85"]
[EventDate "2023.??.??"]

1. e4 c5 2. Nf3 d6 3. Bb5+ Nd7 4. a4 Ngf6 5. Nc3 e6 6. O-O Be7 7. d4 cxd4 8.
Qxd4 O-O 9. Rd1 a6 10. Be2 e5 11. Qe3 b6 12. Nd2 Bb7 13. Nb3 Rc8 14. f3 Qc7 15.
Qf2 Rfd8 16. Be3 h6 17. Rac1 Ra8 18. Bf1 Nh7 19. h4 f5 20. exf5 Nhf6 21. Qg3
Kh8 22. Ne2 d5 23. c4 dxc4 24. Ned4 Nh5 25. Ne6 Nxg3 26. Nxc7 Nxf5 27. Bf2 cxb3
28. Nxa8 Bxa8 29. Rc7 Nd4 30. f4 Bc5 31. a5 Nf8 32. f5 Be4 33. Re1 Bxf5 34.
Rxe5 Bc2 35. Rb7 Ng6 36. Re1 bxa5 37. h5 Nf4 38. Re5 Nfe6 39. Bc4 Bd6 40. Rxa5
Bf4 41. Rd5 Rxd5 42. Bxd5 Nc5 43. Re7 1-0

[Event "IM Pobeskydi 2023"]
[Site "Frydek-Mistek, Czech Republic"]
[Date "2023.04.06"]
[Round "1.5"]
[White "Lewtak, Damian"]
[Black "Klima, Lukas"]
[Result "1/2-1/2"]
[WhiteElo "2385"]
[BlackElo "2338"]
[PlyCount "78"]
[EventDate "2023.??.??"]

1. e4 c6 2. d4 d5 3. e5 Bf5 4. h4 h6 5. Nd2 e6 6. Nb3 Nd7 7. Nf3 Ne7 8. Be2 Qc7
9. Be3 Bg4 10. Rc1 Nf5 11. Nfd2 Bxe2 12. Qxe2 Be7 13. h5 O-O-O 14. Bf4 Bg5 15.
Bh2 Qb6 16. Qd3 Bxd2+ 17. Qxd2 g6 18. hxg6 fxg6 19. Qd3 Qb5 20. Qxb5 cxb5 21.
g4 Nh4 22. Ke2 g5 23. f4 Rdf8 24. Rcf1 h5 25. gxh5 Rxh5 26. fxg5 Rxf1 27. Rxf1
Rxg5 28. Bf4 Rg4 29. Nc1 Nf5 30. c3 b4 31. Kf3 Rh4 32. Nd3 bxc3 33. bxc3 Rh3+
34. Ke2 Nb6 35. Rg1 Na4 36. Kd2 Kd7 37. Kc2 b5 38. a3 a5 39. Rb1 Kc6 1/2-1/2

[Event "IM Pobeskydi 2023"]
[Site "Frydek-Mistek, Czech Republic"]
[Date "2023.04.06"]
[Round "2.1"]
[White "Rakhmangulova, Anastasiya"]
[Black "Klima, Lukas"]
[Result "1-0"]
[WhiteElo "2266"]
[BlackElo "2338"]
[PlyCount "49"]
[EventDate "2023.??.??"]

1. e4 c5 2. Nf3 Nc6 3. d4 cxd4 4. Nxd4 Qb6 5. Nb3 Nf6 6. Nc3 e6 7. Qe2 Qc7 8.
g4 h6 9. Bd2 a6 10. Bg2 d6 11. h4 b5 12. g5 Nd7 13. O-O-O Bb7 14. g6 O-O-O 15.
gxf7 b4 16. Na4 Nf6 17. Bh3 Qxf7 18. Qc4 Kb8 19. Bxe6 Qe8 20. Bd5 Rc8 21. Nb6
Ne5 22. Qd4 Nxd5 23. Nxc8 Qxc8 24. exd5 Be7 25. Be3 1-0

[Event "IM Pobeskydi 2023"]
[Site "Frydek-Mistek, Czech Republic"]
[Date "2023.04.06"]
[Round "2.2"]
[White "Babula, Vlastimil"]
[Black "Lewtak, Damian"]
[Result "1/2-1/2"]
[WhiteElo "2326"]
[BlackElo "2385"]
[PlyCount "143"]
[EventDate "2023.??.??"]

1. e4 e5 2. Nf3 Nc6 3. Bc4 Bc5 4. O-O d6 5. c3 Nf6 6. d3 h6 7. Re1 O-O 8. h3
Bb6 9. a4 a6 10. Nbd2 Ne7 11. Bb3 Ng6 12. a5 Ba7 13. d4 Re8 14. Bc2 Nh5 15. Nf1
Qf6 16. Be3 Nhf4 17. Kh2 Be6 18. Ng1 Bc4 19. g3 Ne6 20. d5 Ng5 21. Bxa7 Rxa7
22. Kg2 Bb5 23. Ne3 Rf8 24. c4 Bd7 25. b4 Qd8 26. c5 Ne7 27. f4 exf4 28. gxf4
Nh7 29. Qd4 Ng6 30. Rf1 Ra8 31. Kh2 Qh4 32. Ng2 Qf6 33. Nf3 Rae8 34. Rae1 Bb5
35. Rf2 Qxd4 36. Nxd4 Nf6 37. Nxb5 axb5 38. c6 bxc6 39. dxc6 Ne7 40. Bd3 Nxc6
41. Bxb5 Nxb4 42. Bxe8 Rxe8 43. Rfe2 Ra8 44. e5 dxe5 45. fxe5 Nfd5 46. Ra1 c5
47. Nh4 c4 48. Nf5 g6 49. Nd4 c3 50. Kg3 Kf8 51. e6 f5 52. Kf3 Ke7 53. h4 Kf6
54. a6 Ne7 55. a7 g5 56. hxg5+ hxg5 57. Ra3 Nbd5 58. Nb5 g4+ 59. Kg3 Kg5 60.
Nd6 f4+ 61. Kf2 Nc6 62. Nb5 g3+ 63. Kf3 Kf5 64. Ra4 Ne5+ 65. Rxe5+ Kxe5 66. e7
Nxe7 67. Re4+ Kf6 68. Rxf4+ Ke5 69. Re4+ Kf6 70. Rc4 Nc8 71. Rxc3 Nxa7 72. Nxa7
1/2-1/2

[Event "IM Pobeskydi 2023"]
[Site "Frydek-Mistek, Czech Republic"]
[Date "2023.04.06"]
[Round "2.4"]
[White "Kucharska, Honorata"]
[Black "Mayrhuber, Nikola"]
[Result "1-0"]
[WhiteElo "2173"]
[BlackElo "2128"]
[PlyCount "101"]
[EventDate "2023.??.??"]

1. d4 Nf6 2. c4 e6 3. Nc3 Bb4 4. e3 O-O 5. Bd2 d5 6. Nf3 b6 7. Bd3 dxc4 8. Bxc4
Bb7 9. O-O Nbd7 10. Qe2 c5 11. a3 Bxc3 12. Bxc3 Ne4 13. Rfd1 Qf6 14. Bd3 Nxc3
15. bxc3 e5 16. d5 e4 17. Bxe4 Qxc3 18. Bf5 Rad8 19. Bxd7 Rxd7 20. e4 g6 21.
Rac1 Qg7 22. a4 Re8 23. Qb5 Red8 24. a5 f5 25. Ng5 Qe7 26. h4 fxe4 27. Ne6 e3
28. Nxd8 exf2+ 29. Kxf2 Qxh4+ 30. Kg1 Qxd8 31. axb6 axb6 32. Rb1 Rxd5 33. Re1
Re5 34. Qb3+ Bd5 35. Qc3 Qg5 36. Rb2 Rxe1+ 37. Qxe1 Kg7 38. Rf2 h5 39. Qc3+ Kh7
40. Qh3 c4 41. Qd7+ Kh6 42. Qc8 Qe5 43. Qf8+ Kg5 44. Qd8+ Kg4 45. Qxb6 g5 46.
Qb1 Kg3 47. Qc1 h4 48. Rc2 Qd4+ 49. Kh1 Qe4 50. Qxg5+ Qg4 51. Rc3+ 1-0

[Event "IM Pobeskydi 2023"]
[Site "Frydek-Mistek, Czech Republic"]
[Date "2023.04.06"]
[Round "2.5"]
[White "Gnojek, Petr"]
[Black "Lever, Erwan"]
[Result "1-0"]
[WhiteElo "2331"]
[BlackElo "2269"]
[PlyCount "101"]
[EventDate "2023.??.??"]

1. d4 Nf6 2. c4 e6 3. Nc3 Bb4 4. Bd2 d5 5. Nf3 O-O 6. e3 b6 7. cxd5 exd5 8. Bd3
Ba6 9. Bxa6 Nxa6 10. O-O Be7 11. Ne5 Nb8 12. f4 c5 13. Qf3 a6 14. g4 cxd4 15.
exd4 Ra7 16. g5 Ne4 17. Nxe4 dxe4 18. Qxe4 f6 19. gxf6 Bxf6 20. Rac1 Qd6 21.
Rc4 a5 22. Rfc1 Re7 23. Rc8 Ree8 24. Rxe8 Rxe8 25. Be3 Qe6 26. b3 Nd7 27. f5
Qd6 28. Rc6 Bxe5 29. Rxd6 Bxh2+ 30. Kxh2 Rxe4 31. Bg5 Nf6 32. Bxf6 gxf6 33. Kg3
Re2 34. Rxf6 Rxa2 35. Rxb6 Rb2 36. Rb5 Rd2 37. Rd5 Rb2 38. Rxa5 Rxb3+ 39. Kf4
Rb1 40. Kg5 Rb4 41. d5 Rb6 42. Ra8+ Kf7 43. Ra7+ Kg8 44. Kf4 h5 45. Ke5 h4 46.
d6 h3 47. d7 Rb8 48. Rc7 h2 49. Rc8+ Kf7 50. d8=Q Rxc8 51. Qd7+ 1-0

[Event "IM Pobeskydi 2023"]
[Site "Frydek-Mistek, Czech Republic"]
[Date "2023.04.07"]
[Round "3.1"]
[White "Lever, Erwan"]
[Black "Rakhmangulova, Anastasiya"]
[Result "0-1"]
[WhiteElo "2269"]
[BlackElo "2266"]
[PlyCount "158"]
[EventDate "2023.??.??"]

1. d4 d5 2. Nf3 Nf6 3. g3 c6 4. Bg2 Bf5 5. c4 dxc4 6. Ne5 e6 7. O-O Nbd7 8.
Nxc4 Be7 9. Qb3 Nb6 10. Na5 Qd7 11. Nc3 O-O 12. e4 Bg6 13. Rd1 Rfd8 14. h3 Bf8
15. Bf4 Qe7 16. Bg5 h6 17. Bh4 Bh5 18. g4 g5 19. Bg3 Bg6 20. Rac1 Rd7 21. Be5
Rad8 22. Re1 Ne8 23. d5 Qc5 24. Nxb7 Rxb7 25. Na4 Qa5 26. dxc6 Re7 27. Nc5 Rc8
28. c7 Bg7 29. Bg3 e5 30. Nb7 Qa4 31. Red1 Qxb3 32. axb3 Rexc7 33. Rxc7 Rxc7
34. Rd8 f6 35. Nd6 Rc1+ 36. Kh2 Rd1 37. Rxe8+ Bxe8 38. Nxe8 Rd2 39. Bf1 Rxb2
40. Nc7 Rxb3 41. Na6 Bf8 42. Kg2 Rb2 43. Kg1 Nd7 44. Bc4+ Kg7 45. f3 Rc2 46.
Bd5 Bd6 47. Bf2 Nb6 48. Bb7 Kf8 49. h4 gxh4 50. Bxh4 Nd7 51. Kf1 Ke7 52. Bd5
Nb6 53. Bb7 Na4 54. Bd5 Nc3 55. Bb3 Rb2 56. Bc4 Nb5 57. Bf2 Nd4 58. Kg2 Kd7 59.
Kg3 Kc8 60. Be3 Kb7 61. Bxh6 Nb5 62. Bg7 Kxa6 63. Bxf6 Rc2 64. Bf7 Nd4 65. g5
Rc3 66. Bh5 Ne6 67. Bf7 Nf4 68. Kg4 Kb5 69. g6 Nxg6 70. Bxg6 a5 71. f4 Rc5 72.
Be8+ Kc4 73. f5 Rc8 74. Bf7+ Kd4 75. Bd5 a4 76. Bg7 a3 77. f6 Rc2 78. f7 Rg2+
79. Kf5 Rxg7 0-1

[Event "IM Pobeskydi 2023"]
[Site "Frydek-Mistek, Czech Republic"]
[Date "2023.04.07"]
[Round "3.2"]
[White "Mayrhuber, Nikola"]
[Black "Gnojek, Petr"]
[Result "0-1"]
[WhiteElo "2128"]
[BlackElo "2331"]
[PlyCount "96"]
[EventDate "2023.??.??"]

1. d4 f5 2. c4 Nf6 3. g3 e6 4. Bg2 c6 5. Nh3 d6 6. O-O Be7 7. Nd2 e5 8. e4 exd4
9. Nf4 Qc7 10. Re1 O-O 11. exf5 Bxf5 12. Ne6 Bxe6 13. Rxe6 d5 14. Nb3 dxc4 15.
Bf4 Qd8 16. Qe1 Rf7 17. Nxd4 Qxd4 18. Rxe7 Rxe7 19. Qxe7 Nbd7 20. Qe6+ Kh8 21.
Re1 h6 22. Qf7 Rf8 23. Qg6 Qd3 24. Be4 Nxe4 25. Bxh6 Qd4 26. Bxg7+ Qxg7 27.
Qxe4 Qf6 28. Re2 b5 29. Qg4 Rf7 30. Qh5+ Kg7 31. Qg4+ Kf8 32. f4 Re7 33. Rd2
Ke8 34. Qh5+ Kd8 35. Qc5 Qe6 36. Qd4 Qe3+ 37. Qxe3 Rxe3 38. Kf2 Rd3 39. Rxd3
cxd3 40. Ke3 Nc5 41. b4 Na6 42. a3 c5 43. Kxd3 cxb4 44. axb4 Nxb4+ 45. Ke4 a5
46. h4 a4 47. Kd4 Nd5 48. Kd3 Nf6 0-1

[Event "IM Pobeskydi 2023"]
[Site "Frydek-Mistek, Czech Republic"]
[Date "2023.04.07"]
[Round "3.3"]
[White "Marek, Matyas"]
[Black "Kucharska, Honorata"]
[Result "1/2-1/2"]
[WhiteElo "2331"]
[BlackElo "2173"]
[PlyCount "35"]
[EventDate "2023.??.??"]

1. e4 e5 2. Nf3 Nf6 3. Nc3 Bb4 4. Nxe5 O-O 5. Nd3 Bxc3 6. dxc3 Nxe4 7. Be2 d5
8. O-O Nd7 9. Be3 Ndf6 10. Nf4 Bf5 11. f3 Nd6 12. Rf2 Re8 13. Bd4 c6 14. b3 Bg6
15. g4 Nd7 16. Rg2 Nf8 17. Qd2 Ne6 18. Bf1 1/2-1/2

[Event "IM Pobeskydi 2023"]
[Site "Frydek-Mistek, Czech Republic"]
[Date "2023.04.07"]
[Round "3.4"]
[White "Lewtak, Damian"]
[Black "Stevik, Patrik"]
[Result "1-0"]
[WhiteElo "2385"]
[BlackElo "2346"]
[PlyCount "117"]
[EventDate "2023.??.??"]

1. e4 g6 2. d4 Bg7 3. Nc3 d6 4. Be3 a6 5. a4 Nc6 6. h3 e5 7. dxe5 Nxe5 8. Nf3
Nxf3+ 9. Qxf3 Be6 10. Rd1 Ne7 11. Be2 Nc6 12. Qg3 O-O 13. O-O f5 14. exf5 Bxf5
15. Rd2 Qd7 16. Rb1 Rae8 17. Bf3 Kh8 18. Qh4 Be6 19. Bxc6 Qxc6 20. Bd4 Qd7 21.
Re1 Bf5 22. Rde2 Rxe2 23. Rxe2 g5 24. Qh6 Qf7 25. Bxg7+ Qxg7 26. Qxg7+ Kxg7 27.
Nd5 Rf7 28. a5 Bg6 29. g4 c6 30. Nb6 h5 31. Kg2 d5 32. f3 hxg4 33. hxg4 Rf4 34.
c3 d4 35. Rd2 c5 36. Kg3 Be8 37. cxd4 Rxd4 38. Rc2 Bc6 39. Rxc5 Kh6 40. Nc4 Bb5
41. b3 Rd3 42. Ne5 Rxb3 43. Nf7+ Kg6 44. Nxg5 Ra3 45. Kh4 Rxa5 46. f4 Ra1 47.
f5+ Kg7 48. Ne6+ Kf7 49. Kg5 Ke7 50. Rc7+ Kd6 51. Rxb7 Ke5 52. Nf4 Rg1 53. Re7+
Kd6 54. Re6+ Kd7 55. f6 Rc1 56. f7 Rc8 57. Kf6 Bc4 58. Re7+ Kd6 59. Re8 1-0

[Event "IM Pobeskydi 2023"]
[Site "Frydek-Mistek, Czech Republic"]
[Date "2023.04.07"]
[Round "3.5"]
[White "Klima, Lukas"]
[Black "Babula, Vlastimil"]
[Result "1-0"]
[WhiteElo "2338"]
[BlackElo "2326"]
[PlyCount "57"]
[EventDate "2023.??.??"]

1. e4 c5 2. Nf3 d6 3. d4 cxd4 4. Nxd4 Nf6 5. Nc3 a6 6. Bc4 e6 7. a3 Be7 8. O-O
O-O 9. Ba2 Qc7 10. f4 b5 11. f5 e5 12. Nde2 Bb7 13. Ng3 Nbd7 14. Bg5 Nb6 15.
Nh5 Qd8 16. Bxf6 Bxf6 17. Qg4 Kh8 18. Rad1 Rc8 19. Rd3 Qe7 20. Rg3 Nc4 21. Rff3
Nd2 22. Re3 Nc4 23. Rd3 Nxb2 24. Nxf6 Qxf6 25. Rxd6 Rxc3 26. Rxf6 Rxg3 27. Rxf7
Rxf7 28. Qxg3 Re7 29. f6 1-0

[Event "IM Pobeskydi 2023"]
[Site "Frydek-Mistek, Czech Republic"]
[Date "2023.04.07"]
[Round "4.5"]
[White "Lever, Erwan"]
[Black "Mayrhuber, Nikola"]
[Result "1-0"]
[WhiteElo "2269"]
[BlackElo "2128"]
[PlyCount "71"]
[EventDate "2023.??.??"]

1. d4 Nf6 2. c4 e6 3. g3 c5 4. d5 exd5 5. cxd5 d6 6. a4 g6 7. Bg2 Bg7 8. Nf3
O-O 9. Nfd2 Nbd7 10. O-O Re8 11. Na3 a6 12. Ndc4 Bf8 13. Bf4 Nb6 14. Re1 Bg4
15. a5 Nxc4 16. Nxc4 Qc7 17. Rc1 Rad8 18. h3 Bf5 19. Bg5 Be7 20. g4 Bc8 21. Bf4
h5 22. g5 Nh7 23. Qd2 f6 24. gxf6 Bxf6 25. b4 g5 26. Bh2 cxb4 27. Qxb4 Be7 28.
Qb1 Qd7 29. Nb6 Qb5 30. Qg6+ Kh8 31. Be4 Nf8 32. Qxh5+ Kg8 33. Bg6 Nxg6 34.
Qxg6+ Kh8 35. Qh6+ Kg8 36. Nxc8 1-0

[Event "IM Pobeskydi 2023"]
[Site "Frydek-Mistek, Czech Republic"]
[Date "2023.04.07"]
[Round "4.1"]
[White "Rakhmangulova, Anastasiya"]
[Black "Babula, Vlastimil"]
[Result "1/2-1/2"]
[WhiteElo "2266"]
[BlackElo "2326"]
[PlyCount "45"]
[EventDate "2023.??.??"]

1. e4 c5 2. Nf3 d6 3. d4 cxd4 4. Nxd4 Nf6 5. Nc3 Nc6 6. Bc4 Qb6 7. Nb3 e6 8.
Bf4 Ne5 9. Be2 a6 10. O-O Bd7 11. Be3 Qc7 12. f4 Nc4 13. Bxc4 Qxc4 14. e5 Ne4
15. Na5 Nxc3 16. Nxc4 Nxd1 17. Rfxd1 d5 18. Nb6 Rd8 19. c4 dxc4 20. Nxc4 Be7
21. Nd6+ Bxd6 22. Rxd6 Bc6 23. Rxd8+ 1/2-1/2

[Event "IM Pobeskydi 2023"]
[Site "Frydek-Mistek, Czech Republic"]
[Date "2023.04.07"]
[Round "4.2"]
[White "Stevik, Patrik"]
[Black "Klima, Lukas"]
[Result "0-1"]
[WhiteElo "2346"]
[BlackElo "2338"]
[PlyCount "116"]
[EventDate "2023.??.??"]

1. Nf3 c5 2. e4 Nc6 3. d4 cxd4 4. Nxd4 Nf6 5. Nc3 e5 6. Ndb5 d6 7. Bg5 a6 8.
Na3 b5 9. Nd5 Be7 10. Bxf6 Bxf6 11. c3 Bg5 12. Nc2 Rb8 13. g3 O-O 14. Bg2 a5
15. O-O b4 16. f4 Bh6 17. Nce3 bxc3 18. bxc3 exf4 19. gxf4 Ne7 20. Qh5 Nxd5 21.
Nxd5 Be6 22. Rad1 Rb2 23. Kh1 Rxa2 24. e5 dxe5 25. Nb4 Rd2 26. Nc6 Qd3 27. f5
Bb3 28. Rb1 a4 29. Ne7+ Kh8 30. f6 Rxg2 31. Kxg2 Qc2+ 32. Kg1 Be3+ 33. Kh1 Qe4+
34. Qf3 Qxf3+ 35. Rxf3 Bf4 36. fxg7+ Kxg7 37. Nf5+ Kf6 38. Ne3 Ke6 39. Kg2 Bxe3
40. Rxe3 f5 41. Rh3 Rf7 42. Kf2 f4 43. Re1 Re7 44. Kf3 Bd5+ 45. Kg4 Rg7+ 46.
Kh5 Kf6 47. Kh6 Rg6+ 48. Kxh7 Bg8+ 49. Kh8 Be6 50. Rh5 f3 51. Kh7 Bf5 52. Kh8
a3 53. c4 a2 54. Rf1 e4 55. c5 f2 56. c6 e3 57. Rd1 Ke5 58. Rc1 Rxc6 0-1

[Event "IM Pobeskydi 2023"]
[Site "Frydek-Mistek, Czech Republic"]
[Date "2023.04.07"]
[Round "4.3"]
[White "Kucharska, Honorata"]
[Black "Lewtak, Damian"]
[Result "1-0"]
[WhiteElo "2173"]
[BlackElo "2385"]
[PlyCount "127"]
[EventDate "2023.??.??"]

1. e4 Nc6 2. d4 d5 3. e5 Bf5 4. Ne2 Qd7 5. Ng3 Bg4 6. f3 Be6 7. Be2 h5 8. h4 g6
9. c3 Nh6 10. Nd2 f6 11. f4 Bg4 12. Nf3 Nf5 13. Nxf5 Bxf5 14. Be3 Bh6 15. Qd2
Nd8 16. c4 Be4 17. cxd5 Bxd5 18. O-O Ne6 19. exf6 exf6 20. Bd3 Rg8 21. f5 Bxe3+
22. Qxe3 gxf5 23. Bxf5 O-O-O 24. Rae1 Rde8 25. Rf2 Kb8 26. Rfe2 Qd6 27. Nd2 a6
28. Qh6 Ka7 29. Ne4 Bxe4 30. Rxe4 Qg3 31. Qd2 Ng7 32. R1e3 Qd6 33. Bh3 Qd5 34.
Re7 Rxe7 35. Rxe7 Ne8 36. Qe3 Nd6 37. Rxc7 Nb5 38. Rc5 Qxa2 39. d5 Ka8 40. Qc1
Ka7 41. Qe3 Ka8 42. Qc1 Ka7 43. Rc4 Qb3 44. Be6 Rd8 45. Rf4 Qg3 46. Qc5+ Ka8
47. Qf2 Qd3 48. Qb6 Rh8 49. Qf2 Nc7 50. Rd4 Qb1+ 51. Kh2 Rf8 52. Bf5 Qc1 53. d6
Nb5 54. Rd2 Rd8 55. Rc2 Qd1 56. d7 Qd6+ 57. g3 Na7 58. Rc8+ Nxc8 59. dxc8=Q+
Rxc8 60. Bxc8 Qe5 61. Bh3 a5 62. Bg2 Qd6 63. Qf3 Qb6 64. Qxh5 1-0

[Event "IM Pobeskydi 2023"]
[Site "Frydek-Mistek, Czech Republic"]
[Date "2023.04.07"]
[Round "4.4"]
[White "Gnojek, Petr"]
[Black "Marek, Matyas"]
[Result "1/2-1/2"]
[WhiteElo "2331"]
[BlackElo "2331"]
[PlyCount "22"]
[EventDate "2023.??.??"]

1. d4 d5 2. c4 c6 3. Nf3 Nf6 4. Nc3 e6 5. Bg5 Nbd7 6. cxd5 exd5 7. e3 h6 8. Bh4
Be7 9. Qc2 O-O 10. Bd3 Re8 11. O-O Ne4 1/2-1/2

[Event "IM Pobeskydi 2023"]
[Site "Frydek-Mistek, Czech Republic"]
[Date "2023.04.08"]
[Round "5.1"]
[White "Mayrhuber, Nikola"]
[Black "Rakhmangulova, Anastasiya"]
[Result "0-1"]
[WhiteElo "2128"]
[BlackElo "2266"]
[PlyCount "114"]
[EventDate "2023.??.??"]

1. d4 Nf6 2. c4 g6 3. Nc3 Bg7 4. e4 d6 5. f4 O-O 6. Nf3 Na6 7. Bd3 e5 8. fxe5
dxe5 9. d5 c6 10. O-O Qd6 11. Kh1 cxd5 12. cxd5 Bd7 13. Be3 Rfc8 14. Qd2 Nc5
15. Bc2 a5 16. Rae1 b5 17. Bh6 b4 18. Nd1 Bb5 19. Rg1 Bh8 20. Nf2 a4 21. Bg5 b3
22. axb3 axb3 23. Bb1 Nfd7 24. Ng4 Ra4 25. Bh4 f6 26. Nh6+ Kf8 27. Bf2 Bg7 28.
g4 Nb6 29. g5 Bxh6 30. gxh6 Bc4 31. Bxc5 Qxc5 32. Rc1 Rd8 33. Rgf1 Kg8 34. Bd3
Qb4 35. Bxc4 Nxc4 36. Qxb4 Rxb4 37. Rf2 Nd6 38. Nd2 f5 39. exf5 e4 40. Rf4 gxf5
41. Nf3 Nf7 42. Rg1+ Kf8 43. Ng5 Rxd5 44. Nxh7+ Ke7 45. Rg7 Ke6 46. Ng5+ Nxg5
47. Rxg5 Rb7 48. Rf2 e3 49. Re2 f4 50. Rg6+ Kf5 51. Rg8 Ke4 52. Re1 Rh7 53. Rb8
Rxh6 54. Rxb3 Rd2 55. Rb4+ Kf3 56. Kg1 Rg2+ 57. Kf1 Rgxh2 0-1

[Event "IM Pobeskydi 2023"]
[Site "Frydek-Mistek, Czech Republic"]
[Date "2023.04.08"]
[Round "5.2"]
[White "Marek, Matyas"]
[Black "Lever, Erwan"]
[Result "1/2-1/2"]
[WhiteElo "2331"]
[BlackElo "2269"]
[PlyCount "126"]
[EventDate "2023.??.??"]

1. e4 c5 2. Nf3 e6 3. g3 Nc6 4. Bg2 Nf6 5. d3 d6 6. O-O h6 7. Re1 e5 8. c3 Be7
9. h3 O-O 10. d4 exd4 11. cxd4 d5 12. e5 Ne4 13. Nc3 Nxc3 14. bxc3 Bf5 15. Be3
Be4 16. Qa4 Qd7 17. c4 Nxe5 18. Qxd7 Nxd7 19. cxd5 Bxd5 20. dxc5 Nxc5 21. Bxc5
Bxc5 22. Re5 Bxf3 23. Rxc5 Bxg2 24. Kxg2 Rac8 25. Rac1 Rxc5 26. Rxc5 g5 27. Rc7
Rb8 28. a4 Kg7 29. f4 gxf4 30. gxf4 a6 31. a5 Rd8 32. Rxb7 Rd5 33. Rb6 Rxa5 34.
Kg3 Ra4 35. Kg4 a5 36. Ra6 Ra1 37. h4 a4 38. h5 a3 39. Kf5 a2 40. Ra8 Rh1 41.
Rxa2 Rxh5+ 42. Kg4 Rb5 43. Ra7 Kg6 44. Ra3 Rb4 45. Ra5 Rb3 46. Ra6+ Kg7 47. Ra5
Rb1 48. Rc5 Rg1+ 49. Kh5 Rg2 50. Ra5 Rh2+ 51. Kg4 Rh1 52. Rb5 Kg6 53. Rb6+ Kh7
54. Rb5 Kg7 55. Ra5 Rg1+ 56. Kh5 Kf6 57. Rb5 Rh1+ 58. Kg4 h5+ 59. Kf3 Kg6 60.
Rg5+ Kh6 61. Rf5 Kg7 62. Rg5+ Kh6 63. Rf5 Kg6 1/2-1/2

[Event "IM Pobeskydi 2023"]
[Site "Frydek-Mistek, Czech Republic"]
[Date "2023.04.08"]
[Round "5.4"]
[White "Klima, Lukas"]
[Black "Kucharska, Honorata"]
[Result "1/2-1/2"]
[WhiteElo "2338"]
[BlackElo "2173"]
[PlyCount "73"]
[EventDate "2023.??.??"]

1. e4 e6 2. d4 d5 3. Bd3 dxe4 4. Bxe4 Nf6 5. Bf3 c5 6. Ne2 Nbd7 7. O-O Be7 8.
c3 O-O 9. g3 cxd4 10. cxd4 Nb6 11. Nbc3 a6 12. Qb3 Nbd5 13. Rd1 b5 14. Nf4 Bb7
15. Ncxd5 Nxd5 16. a4 Qd7 17. Nxd5 Bxd5 18. Bxd5 Qxd5 19. Qxd5 exd5 20. Bf4 g5
21. Be3 b4 22. g4 Rac8 23. Rac1 Rfe8 24. Kg2 Kg7 25. Kf3 Kg6 26. Ke2 f5 27. f3
Bd6 28. Rxc8 Rxc8 29. h3 Re8 30. Kd3 h5 31. Bd2 fxg4 32. fxg4 hxg4 33. hxg4 Re4
34. Rc1 Be7 35. Re1 Rxe1 36. Bxe1 a5 37. Bg3 1/2-1/2

[Event "IM Pobeskydi 2023"]
[Site "Frydek-Mistek, Czech Republic"]
[Date "2023.04.08"]
[Round "5.5"]
[White "Babula, Vlastimil"]
[Black "Stevik, Patrik"]
[Result "1-0"]
[WhiteElo "2326"]
[BlackElo "2346"]
[PlyCount "61"]
[EventDate "2023.??.??"]

1. e4 d6 2. d4 Nf6 3. Nc3 e5 4. Nf3 Nbd7 5. Bc4 c6 6. dxe5 dxe5 7. Ng5 b5 8.
Bxf7+ Ke7 9. Bb3 Qc7 10. Be3 Ba6 11. Qf3 Ke8 12. Qf5 Bb4 13. Qe6+ Kd8 14. Nf7+
Kc8 15. Nxh8 Kb7 16. Nf7 Re8 17. Qh3 h6 18. O-O Bf8 19. a4 bxa4 20. Rxa4 Nc5
21. Bxc5 Bxc5 22. Rfa1 Bb5 23. Nxb5 cxb5 24. Ra5 Bb6 25. Rxb5 Re7 26. Qd3 Rd7
27. Qc4 Qb8 28. h3 Rd2 29. Nxe5 Qd6 30. Qf7+ Kc8 31. Qe6+ 1-0

[Event "IM Pobeskydi 2023"]
[Site "Frydek-Mistek, Czech Republic"]
[Date "2023.04.08"]
[Round "6.1"]
[White "Rakhmangulova, Anastasiya"]
[Black "Stevik, Patrik"]
[Result "1-0"]
[WhiteElo "2266"]
[BlackElo "2346"]
[PlyCount "107"]
[EventDate "2023.??.??"]

1. e4 g6 2. d4 Bg7 3. Nc3 d6 4. Be3 a6 5. g4 b5 6. Bg2 Bb7 7. h4 Nd7 8. h5 e5
9. d5 g5 10. a4 b4 11. Nce2 f6 12. a5 Bf8 13. Ng3 Nh6 14. Bf1 Be7 15. Bc4 Kf8
16. Bd2 c5 17. dxc6 Bxc6 18. Bxb4 Qc7 19. Bd5 Rb8 20. c3 Kg7 21. Nf3 Rhc8 22.
Nh2 Bb5 23. Nhf1 Nc5 24. Bxc5 Qxc5 25. Be6 Bxf1 26. Bxc8 Rxb2 27. Qf3 Bb5 28.
Be6 Rxf2 29. Qxf2 Qxc3+ 30. Qd2 Qxg3+ 31. Kd1 Nxg4 32. h6+ Kf8 33. Re1 Nf2+ 34.
Kc2 Bd3+ 35. Kb2 Nxe4 36. Rxe4 Bxe4 37. Rc1 Bb7 38. Rc7 Qf3 39. Qc2 Qg2 40. Bf5
Qd5 41. Bxh7 Bd8 42. Rg7 Bxa5 43. Rg8+ Ke7 44. Rg7+ Kf8 45. Bd3 e4 46. Bc4 Qd4+
47. Kb3 Qb6+ 48. Ka2 d5 49. Rd7 Qe6 50. h7 Qxd7 51. h8=Q+ Ke7 52. Qg7+ Ke6 53.
Qxe4+ Kd6 54. Qxd7+ 1-0